000 00383 a2200109 4500
001 ART_28304
005 20260410161854.0
008 260409a
245 1 0 _aA veinte años de la Reforma Constitucional Nacional
100 1 _aRosatti, Horacio
773 0 _tDerecho público
_gA 20 años de la Reforma Constitucional de 1994 - Año III, Nº 9 (ene. 2015)
_wREV10451
999 _c25272
_d25272